000 005440000a22001810004500
003 LK-CoMWRAF
005 20231001100453.0
008 230817t ||||| |||| 00| 0 eng d
040 _aLK-CoMWRAF
_dLK-CoMWRAF
_eLK-CoMWRAF
041 _aeng
082 _a289.3
_bBOO
245 _aThe Book of Mormon :
_bAnother testament of Jesus Christ
260 _aU.S.A. :
_bThe church of Jesus Christ of latter-day saints,
_c1981
300 _a779p
650 _aBook of Mormon -- Criticism--interpretation
650 _aBook of Mormon
942 _cBK
999 _c1360
_d1360